Biblioteca

Conoce a los pinguinos de adelia / Acton Figueroa ; Baxter Franklin (Registro nro. 49193)

Detalles MARC
000 -LÍDER
Campo fijo de descripción fija 005200000a22001930004500
001 - NÚMERO DE CONTROL
Campo de control 2043
003 - IDENTIFICADOR DEL NÚMERO DE CONTROL
Campo de control CO-MdFUSB
005 - FECHA Y HORA DE LA ULTIMA TRANSACCIÓN
control field 20170615172819.0
008 - ELEMENTOS DE LONGITUD FIJA -- INFORMACIÓN GENERAL
Campo fijo de descripción fija -- Información general 170605b xxu||||| |||| 00| 0 eng d
020 ## - NÚMERO INTERNACIONAL NORMALIZADO PARA LIBROS
Número Internacional Normalizado del libro 958-04-9742-7
040 ## - FUENTE DE CATALOGACIÓN
Agencia que realiza la transcripción CO-MdBIC
082 04 - NÚMERO DE CLASIFICACIÓN DECIMAL DEWEY
Número de clasificación 863C N78h
100 1# - ASIENTO PRINCIPAL--NOMBRE PERSONAL
Nombre personal Figueroa, Acton
245 10 - TÍTULO
Título del Material Conoce a los pinguinos de adelia / Acton Figueroa ; Baxter Franklin
260 ## - PUBLICACIÓN, DISTRIBUCIÓN, ETC. (PIE DE IMPRENTA)
Lugar de publicación, distribución, etc. Bogotá : Grupo Editorial Norma
300 ## - DESCRIPCIÓN FÍSICA
Extensión [24 P.]
650 14 - ASIENTO SECUNDARIO DE MATERIA - TERMINO TEMÁTICO
Término temático o nombre geográfico como elemento de entrada Cuento Contemporaneo \ Cuento infantil
942 ## - TIPO DE MATERIAL (KOHA)
Tipo de Item KOHA Z- Libro General BINCO
Existencias
Estado de Material Estado de Perdido Forma de Clasificación Volumen-Parte/Tomo Estado de Dañado No para Préstamo Tomo Biblioteca de Origen Biblioteca Permanente Fecha de Adquisición Total de Préstamos Signatura Topográfica Código de Barras Última vez visto Última vez Préstado Ejemplar/Existencia Fecha de Remplazo Tipo de Material
    Dewey Decimal Classification         Biblioteca Infantil Comunitaria BINCO Biblioteca Infantil Comunitaria BINCO 29/08/2009 2 863C N78h B32639 23/04/2019 04/04/2019 1 26/01/2016 Z- Libro General BINCO

Biblioteca FUSBC | Teléfono: (57+4) 349 88 10 Ext. 141| WhatsApp (+57) 3005338115 
E-mail: biblioteca@unisbc.edu.co | Calle 76 87-14 Robledo Palenque, Medellín, Colombia

Con tecnología Koha